<?xml version="1.0" encoding="UTF-8"?>
<record
    xmlns:xsi="http://www.w3.org/2001/XMLSchema-instance"
    xsi:schemaLocation="http://www.loc.gov/MARC21/slim http://www.loc.gov/standards/marcxml/schema/MARC21slim.xsd"
    xmlns="http://www.loc.gov/MARC21/slim">

  <leader>00331nam a2200133Ia 4500</leader>
  <datafield tag="999" ind1=" " ind2=" ">
    <subfield code="c">3529</subfield>
    <subfield code="d">3529</subfield>
  </datafield>
  <controlfield tag="008">191201s2012    xx            000 0 und d</controlfield>
  <datafield tag="082" ind1=" " ind2=" ">
    <subfield code="a">621.4022</subfield>
    <subfield code="b">RAH</subfield>
  </datafield>
  <datafield tag="100" ind1=" " ind2=" ">
    <subfield code="a">Rajput, R.K.</subfield>
  </datafield>
  <datafield tag="245" ind1=" " ind2="0">
    <subfield code="a">Heat and mass Transfer</subfield>
  </datafield>
  <datafield tag="260" ind1=" " ind2=" ">
    <subfield code="a">N.Delhi</subfield>
    <subfield code="b">S Chand and Co. Ltd.</subfield>
    <subfield code="c">2012</subfield>
  </datafield>
  <datafield tag="300" ind1=" " ind2=" ">
    <subfield code="a">903</subfield>
  </datafield>
  <datafield tag="650" ind1=" " ind2=" ">
    <subfield code="a">B.Tech(ME)</subfield>
  </datafield>
  <datafield tag="942" ind1=" " ind2=" ">
    <subfield code="2">ddc</subfield>
    <subfield code="c">BK</subfield>
    <subfield code="0">29</subfield>
  </datafield>
  <datafield tag="952" ind1=" " ind2=" ">
    <subfield code="0">0</subfield>
    <subfield code="1">0</subfield>
    <subfield code="2">ddc</subfield>
    <subfield code="4">0</subfield>
    <subfield code="7">0</subfield>
    <subfield code="8">BTECHME</subfield>
    <subfield code="a">PIET</subfield>
    <subfield code="b">PIET</subfield>
    <subfield code="d">2008-10-03</subfield>
    <subfield code="e">J B C, New Delhi</subfield>
    <subfield code="g">425.00</subfield>
    <subfield code="k">S1-2187</subfield>
    <subfield code="l">3</subfield>
    <subfield code="o">621.4022 RAH</subfield>
    <subfield code="p">9468</subfield>
    <subfield code="r">2022-09-19 00:00:00</subfield>
    <subfield code="s">2022-09-02</subfield>
    <subfield code="w">2008-08-01</subfield>
    <subfield code="y">BK</subfield>
  </datafield>
  <datafield tag="952" ind1=" " ind2=" ">
    <subfield code="0">0</subfield>
    <subfield code="1">0</subfield>
    <subfield code="2">ddc</subfield>
    <subfield code="4">0</subfield>
    <subfield code="7">0</subfield>
    <subfield code="8">BTECHME</subfield>
    <subfield code="a">PIET</subfield>
    <subfield code="b">PIET</subfield>
    <subfield code="d">2008-10-03</subfield>
    <subfield code="e">J B C, New Delhi</subfield>
    <subfield code="g">425.00</subfield>
    <subfield code="k">S1-2187</subfield>
    <subfield code="l">3</subfield>
    <subfield code="o">621.4022 RAH</subfield>
    <subfield code="p">9469</subfield>
    <subfield code="r">2024-09-30 00:00:00</subfield>
    <subfield code="s">2024-09-16</subfield>
    <subfield code="w">2008-08-01</subfield>
    <subfield code="y">BK</subfield>
  </datafield>
  <datafield tag="952" ind1=" " ind2=" ">
    <subfield code="0">0</subfield>
    <subfield code="1">0</subfield>
    <subfield code="2">ddc</subfield>
    <subfield code="4">0</subfield>
    <subfield code="7">0</subfield>
    <subfield code="8">BTECHME</subfield>
    <subfield code="a">PIET</subfield>
    <subfield code="b">PIET</subfield>
    <subfield code="d">2008-10-03</subfield>
    <subfield code="e">J B C, New Delhi</subfield>
    <subfield code="g">425.00</subfield>
    <subfield code="k">S1-2187</subfield>
    <subfield code="l">6</subfield>
    <subfield code="o">621.4022 RAH</subfield>
    <subfield code="p">9470</subfield>
    <subfield code="r">2025-12-13 00:00:00</subfield>
    <subfield code="s">2025-11-28</subfield>
    <subfield code="w">2008-08-01</subfield>
    <subfield code="y">BK</subfield>
  </datafield>
  <datafield tag="952" ind1=" " ind2=" ">
    <subfield code="0">0</subfield>
    <subfield code="1">0</subfield>
    <subfield code="2">ddc</subfield>
    <subfield code="4">0</subfield>
    <subfield code="7">0</subfield>
    <subfield code="8">BTECHME</subfield>
    <subfield code="a">PIET</subfield>
    <subfield code="b">PIET</subfield>
    <subfield code="d">2008-10-03</subfield>
    <subfield code="e">J B C, New Delhi</subfield>
    <subfield code="g">425.00</subfield>
    <subfield code="k">S1-2187</subfield>
    <subfield code="l">11</subfield>
    <subfield code="o">621.4022 RAH</subfield>
    <subfield code="p">9471</subfield>
    <subfield code="r">2025-12-17 00:00:00</subfield>
    <subfield code="s">2025-12-05</subfield>
    <subfield code="w">2008-08-01</subfield>
    <subfield code="y">BK</subfield>
  </datafield>
  <datafield tag="952" ind1=" " ind2=" ">
    <subfield code="0">0</subfield>
    <subfield code="1">0</subfield>
    <subfield code="2">ddc</subfield>
    <subfield code="4">0</subfield>
    <subfield code="7">0</subfield>
    <subfield code="8">BTECHME</subfield>
    <subfield code="a">PIET</subfield>
    <subfield code="b">PIET</subfield>
    <subfield code="d">2008-10-03</subfield>
    <subfield code="e">J B C, New Delhi</subfield>
    <subfield code="g">425.00</subfield>
    <subfield code="k">S1-2187</subfield>
    <subfield code="l">6</subfield>
    <subfield code="o">621.4022 RAH</subfield>
    <subfield code="p">9472</subfield>
    <subfield code="r">2025-12-13 00:00:00</subfield>
    <subfield code="s">2025-12-05</subfield>
    <subfield code="w">2008-08-01</subfield>
    <subfield code="y">BK</subfield>
  </datafield>
  <datafield tag="952" ind1=" " ind2=" ">
    <subfield code="0">0</subfield>
    <subfield code="1">0</subfield>
    <subfield code="2">ddc</subfield>
    <subfield code="4">0</subfield>
    <subfield code="7">0</subfield>
    <subfield code="8">BTECHME</subfield>
    <subfield code="a">PIET</subfield>
    <subfield code="b">PIET</subfield>
    <subfield code="d">2008-10-03</subfield>
    <subfield code="e">J B C, New Delhi</subfield>
    <subfield code="g">425.00</subfield>
    <subfield code="k">S1-2187</subfield>
    <subfield code="l">0</subfield>
    <subfield code="o">621.4022 RAH</subfield>
    <subfield code="p">9473</subfield>
    <subfield code="r">2019-12-14 00:00:00</subfield>
    <subfield code="w">2008-08-01</subfield>
    <subfield code="y">BK</subfield>
  </datafield>
  <datafield tag="952" ind1=" " ind2=" ">
    <subfield code="0">0</subfield>
    <subfield code="1">0</subfield>
    <subfield code="2">ddc</subfield>
    <subfield code="4">0</subfield>
    <subfield code="7">0</subfield>
    <subfield code="8">BTECHME</subfield>
    <subfield code="a">PIET</subfield>
    <subfield code="b">PIET</subfield>
    <subfield code="d">2008-10-03</subfield>
    <subfield code="e">J B C, New Delhi</subfield>
    <subfield code="g">425.00</subfield>
    <subfield code="k">S1-2187</subfield>
    <subfield code="l">7</subfield>
    <subfield code="o">621.4022 RAH</subfield>
    <subfield code="p">9474</subfield>
    <subfield code="r">2024-09-16 00:00:00</subfield>
    <subfield code="s">2024-09-04</subfield>
    <subfield code="w">2008-08-01</subfield>
    <subfield code="y">BK</subfield>
  </datafield>
  <datafield tag="952" ind1=" " ind2=" ">
    <subfield code="0">0</subfield>
    <subfield code="1">0</subfield>
    <subfield code="2">ddc</subfield>
    <subfield code="4">0</subfield>
    <subfield code="7">0</subfield>
    <subfield code="8">BTECHME</subfield>
    <subfield code="a">PIET</subfield>
    <subfield code="b">PIET</subfield>
    <subfield code="d">2008-10-03</subfield>
    <subfield code="e">J B C, New Delhi</subfield>
    <subfield code="g">425.00</subfield>
    <subfield code="k">S1-2187</subfield>
    <subfield code="l">4</subfield>
    <subfield code="o">621.4022 RAH</subfield>
    <subfield code="p">9475</subfield>
    <subfield code="r">2023-01-25 00:00:00</subfield>
    <subfield code="s">2023-01-06</subfield>
    <subfield code="w">2008-08-01</subfield>
    <subfield code="y">BK</subfield>
  </datafield>
</record>
